All NFL Starting Quarterbacks of the 1980s - Statistics

General Stats
  • This quiz has been taken 41 times
  • The average score is 51 of 165
Answer Stats
Team(s) Quarterback % Correct
Dolphins Dan Marino
100%
49ers Joe Montana
100%
Bears, Chargers Jim McMahon
94%
Broncos John Elway
94%
Steelers Terry Bradshaw
94%
Bengals Boomer Esiason
88%
Redskins Joe Theismann
88%
Bengals Ken Anderson
88%
Giants Phil Simms
88%
Buccaneers, 49ers Steve Young
88%
Oilers Warren Moon
88%
Chargers Dan Fouts
82%
Cowboys Danny White
82%
Seahawks Dave Krieg
82%
Buccaneers, Redskins Doug Williams
82%
Bills Jim Kelly
82%
Eagles Randall Cunningham
82%
Cowboys Troy Aikman
82%
Saints, Oilers, Vikings Archie Manning
76%
27 Cardinals Jim Hart
76%
Patriots Steve Grogan
76%
Buccaneers Vinny Testaverde
76%
Browns Bernie Kosar
71%
3 Dolphins Bob Griese
71%
Browns Brian Sipe
71%
Packers Don Majkowski
71%
2 Falcons Erik Kramer
71%
Rams Jim Everett
71%
7 Bears Jim Harbaugh
71%
Bills, Lions, Buccaneers Joe Ferguson
71%
Oilers, Saints Ken Stabler
71%
Eagles, Chiefs Ron Jaworski
71%
Falcons, Rams Steve Bartkowski
71%
Vikings Tommy Kramer
71%
Colts, Rams Bert Jones
65%
Saints Bobby Hebert
65%
Broncos Craig Morton
65%
Saints Dave Wilson
65%
2 Giants Jeff Hostetler
65%
Raiders Jim Plunkett
65%
Seahawks, Packers, Buccaneers Jim Zorn
65%
Jets Ken O'Brien
65%
Raiders, Patriots Marc Wilson
65%
Redskins Mark Rypien
65%
Patriots, Jets Tony Eason
65%
Vikings Wade Wilson
65%
Redskins, Raiders Jay Schroeder
59%
Packers Lynn Dickey
59%
49ers, Broncos, Buccaneers, Chiefs Steve DeBerg
59%
Rams, Bills Vince Ferragamo
59%
Dolphins, Steelers David Woodley
53%
Colts, Bears Greg Landry
53%
Cardinals Neil Lomax
53%
Jets, Saints Richard Todd
53%
Raiders, Rams Dan Pastorini
47%
Bears, Patriots Doug Flutie
47%
Steelers, Chargers, 1981 is2 Mark Malone
47%
Chiefs Bill Kenney
41%
29 Steelers Bubby Brister
35%
16 Colts Chris Chandler
35%
30 Falcons Chris Miller
35%
15 Rams Dieter Brock
35%
Lions, Browns Gary Danielson
35%
Bengals. Buccaneers Jack Thompson
35%
Bears Mike Tomczak
35%
8 Lions Rodney Peete
35%
5 Cowboys Steve Walsh
35%
5 Chargers Billy Joe Tolliver
29%
Dolphins, Browns Don Strock
29%
Lions Eric Hipple
29%
Chiefs, Bears Steve Fuller
29%
Bears, Raiders Vince Evans
29%
Steelers, Cardinals Cliff Stoudt
24%
Cowboys, Colts, Cardinals Gary Hogeboom
24%
19 Jets Pat Ryan
24%
3 Steelers Steve Bono
24%
Cowboys, Chiefs Steve Pelluer
24%
3 Vikings Tony Adams
24%
3 Packers David Whitehurst
18%
Rams, 49ers, Seahawks Jeff Kemp
18%
Patriots, 49ers, Eagles Matt Cavanaugh
18%
7 Broncos Matt Robinson
18%
Rams Pat Haden
18%
15 Raiders Steve Beuerlein
18%
Chiefs, Steelers Todd Blackledge
18%
6 Colts Art Schlichter
12%
3 Bears Bob Avellini
12%
Lions Chuck Long
12%
3 Bills Frank Reich
12%
Colts Jack Trudeau
12%
8 Giants Jeff Rutledge
12%
2 Chiefs Matt Stevens
12%
9 Oilers Oliver Luck
12%
30 Giants Scott Brunner
12%
Steelers, Falcons Scott Campbell
12%
2 Cardinals Tom Tupa
12%
2 Patriots Bob Bleier
6%
49ers, Lions Bob Gagliano
6%
5 Oilers Cody Carlson
6%
2 Bengals Dave Walter
6%
23 Falcons David Archer
6%
2 Jets David Norrie
6%
13 Oilers Gifford Nielsen
6%
1 Cowboys Glenn Carano
6%
2 Lions Jeff Komlo
6%
3 Eagles Joe Pisarcik
6%
1 Lions John Witkowski
6%
8 Seahawks Kelly Stouffer
6%
4 Cowboys Kevin Sweeney
6%
Browns, Colts Mike Pagel
6%
6 Bears Mike Phipps
6%
Raiders, Lions Rusty Hilger
6%
Vikings, Rams, Falcons Steve Dils
6%
3 Lions Todd Hons
6%
1 Patriots Tom Owen
6%
Patriots, Colts Tom Ramsey
6%
1 Bengals Adrian Breen
0%
3 Packers Alan Risher
0%
6 Chargers Babe Laufenberg
0%
1 Colts Blair Kiel
0%
1 Saints Bobby Scott
0%
3 Oilers Brent Pease
0%
1 Bills Brian McClure
0%
Bills, Seahawks Bruce Mathison
0%
1 Bills Dan Manucci
0%
1 Colts David Humm
0%
1 Chiefs Doug Hudson
0%
9 Chargers Ed Luther
0%
3 Redskins Ed Rubbert
0%
2 Chiefs Frank Seurer
0%
2 Seahawks Gale Gilbert
0%
5 Broncos Gary Kubiak
0%
1 Saints Guido Merkens
0%
1 Falcons Hugh Millen
0%
Browns Jeff Christensen
0%
Falcons Jeff Van Raaphorst
0%
3 Buccaneers Jerry Golsteyn
0%
1 Giants Jim Crocicchia
0%
5 Bills Joe Dufek
0%
6 Saints John Fourcade
0%
Oilers, Buccaneers John Reaves
0%
3 Broncos Ken Karcher
0%
Dolphins, Jets Kyle Mackey
0%
Broncos, Colts, Chargers Mark Herrmann
0%
2 Chargers Mark Vlasic
0%
1 Colts Matt Kofler
0%
1 Giants Mike Busch
0%
2 Bears Mike Hohensee
0%
1 Chargers Mike Kelley
0%
1 Redskins Mike Kruczek
0%
1 Cardinals Mike Loyd
0%
Falcons, 49ers Mike Moroski
0%
21 Browns Paul McDonald
0%
32 Packers Randy Wright
0%
1 Cowboys Reggie Collier
0%
2 Chargers Rick Neuheisel
0%
Bears Rusty Lich
0%
1 Cardinals Sammy Garza
0%
3 Eagles Scott Tinsley
0%
2 Cardinals Shawn Halloran
0%
Bears Steve Bradley
0%
1 Cardinals Timm Rosenbach
0%
3 Chargers Tom Flick
0%
Bengals, Falcons Turk Schonert
0%
1 Bills Willie Totten
0%
No matching quizzes found
Score Distribution
Percent of People with Each Score
Percentile by Number Answered
Your Score History
You have not taken this quiz